| 000 | 00686cam a2200169ua 4500 | ||
|---|---|---|---|
| 041 |
_aeng _h |
||
| 082 |
_a028.72551 _bENG/MA |
||
| 110 | 1 |
_aEnvironmental protection agency . _b _c() |
|
| 245 |
_aManual of water well construction practices / _cEvironmental protection agencey. _hTextual Documents |
||
| 250 |
_a1 / _b. |
||
| 260 |
_aJaipur : _bAcademic Press. |
||
| 300 | _a156 ; . | ||
| 504 | _a | ||
| 942 | _cBK | ||
| 999 |
_c5564 _d5564 |
||